[Event "Druzynowe Mistrzostwa Polski Juniorow - Ekstraliga"]
[Site "Sypniewo k. Jastrowia"]
[Date "2024-06-17"]
[Round "3.7"]
[White "Ugorek, Kacper"]
[Black "Chyzy, Jakub"]
[Result "0-1"]
[WhiteTitle "k"]
[BlackTitle "FM"]
[WhiteElo "2185"]
[BlackElo "2335"]

1. c4 2. Nf6 3. Nc3 4. e6 5. e4 6. d5 7. e5 8. Nfd7 9. cxd5 10. Nxe5 11. d4 12.
Ng6 13. dxe6 14. Bxe6 15. d5 16. Bd7 17. h4 18. Bc5 19. h5 20. Ne5 21. Be2 22.
h6 23. f4 24. Bxg1 25. fxe5 26. Bb6 27. Bf4 28. c6 29. d6 30. Be6 31. Qd2 32.
Nd7 33. O-O-O 34. Ba5 35. Kb1 36. b5 37. Qe3 38. Qb6 39. Qxb6 40. axb6 41. Bf3
42. Bxc3 43. bxc3 44. Nb8 45. Rd2 46. Kd7 47. Be3 48. Ra3 49. Bxb6 50. Na6 51.
Bf2 52. Rb8 53. Rc1 54. b4 55. c4 56. b3 57. Rb2 58. Bf5+ 59. Ka1 60. Nb4 61.
g4 Nc2+ 62. Rbxc2 63. Bxc2 0-1

[Event "Druzynowe Mistrzostwa Polski Juniorow - Ekstraliga"]
[Site "Sypniewo k. Jastrowia"]
[Date "2024-06-17"]
[Round "3.8"]
[White "Krawczyk, Flawian"]
[Black "Jedraszek, Pawel"]
[Result "1-0"]
[WhiteTitle "CM"]
[BlackTitle "k"]
[WhiteElo "2311"]
[BlackElo "2155"]

1. d4 2. Nf6 3. c4 4. e6 5. Nf3 6. d5 7. g3 8. Bb4+ 9. Bd2 10. Be7 11. Bg2 12.
O-O 13. O-O 14. Nbd7 15. Qc2 16. Ne4 17. Bf4 18. c6 19. h4 20. Bd6 21. Bxd6 22.
Nxd6 23. Nbd2 24. f5 25. b4 26. Nf6 27. e3 28. Nfe4 29. cxd5 30. exd5 31. a4 32.
a6 33. Ne5 34. h6 35. Nb3 36. Nf7 37. b5 38. Nxe5 39. dxe5 40. cxb5 41. axb5 42.
Qe7 43. Rfd1 44. Qxe5 45. Nd4 46. Bd7 47. bxa6 48. bxa6 49. Ra5 50. Kh8 51. Ne2
52. Bb5 53. Nf4 54. Qf6 55. Nxd5 56. Qf7 57. Raa1 58. Rac8 59. Qb2 60. Rc5 61.
Nf4 62. Rfc8 63. Bxe4 64. fxe4 65. Rd6 66. Kg8 67. Rad1 68. Bd3 69. Qd4 70. Rc1
71. Rxc1 72. Rxc1+ 73. Kg2 74. Qf5 75. Rg6 76. Qf7 77. Re6 78. Rc8 79. Qe5 80.
Rf8 81. Re7 82. Qf6 83. Qxf6 84. Rxf6 85. Nxd3 86. exd3 87. Rd7 88. Kf8 89. Rxd3
90. Ke7 91. Rb3 92. Rc6 93. Rb7+ 94. Kf6 95. h5 96. a5 97. Ra7 98. Rc5 99. g4
100. Rc4 101. Kg3 102. a4 103. f4 104. Rc3 105. Kf3 106. a3 107. Ke4 108. Rb3
109. Kd4 110. Ke6 111. e4 112. Rb4+ 113. Kd3 114. Rb3+ 115. Kc4 116. Rf3 117.
Ra6+ 118. Kf7 119. f5 120. Rg3 121. Kd5 122. Rd3+ 123. Ke5 124. Rb3 125. Ra7+
126. Kf8 127. Kf4 128. Kg8 129. e5 130. Rb4+ 131. Kf3 132. Rb3+ 133. Ke4 134.
Rg3 135. Kf4 136. Rb3 137. e6 138. Rb4+ 139. Ke5 140. Rb5+ 141. Kd6 142. Rb6+
143. Kd7 144. Rb3 145. Ra8+ 146. Kh7 147. e7 148. Rd3+ 149. Ke6 150. Re3+ 151.
Kf7 152. a2 153. Rxa2 1-0

[Event "Druzynowe Mistrzostwa Polski Juniorow - Ekstraliga"]
[Site "Sypniewo k. Jastrowia"]
[Date "2024-06-17"]
[Round "3.9"]
[White "Goralski, Mateusz"]
[Black "Sowinski, Pawel"]
[Result "0-1"]
[WhiteTitle "II"]
[BlackTitle "FM"]
[WhiteElo "1690"]
[BlackElo "2428"]

1. Nf3 2. Nf6 3. g3 4. d5 5. Bg2 6. Bg4 7. O-O 8. c6 9. d3 10. Nbd7 11. Nbd2 12.
e5 13. h3 14. Bh5 15. e4 16. Bd6 17. Qe2 18. O-O 19. g4 20. Bg6 21. Nh4 22. Nc5
23. Nf5 24. Ne6 25. Nb3 26. Re8 27. Bd2 28. Nf4 29. Bxf4 30. exf4 31. Nxd6 32.
Qxd6 33. f3 34. c5 35. Kh1 36. Rad8 37. Rfe1 38. c4 39. e5 40. Qc7 41. Nc1 42.
Nd7 43. d4 44. f6 45. e6 46. Re7 47. Qd2 48. Nf8 49. Ne2 50. Nxe6 51. c3 52. Rde8
53. Ng1 54. h5 55. Qf2 56. Qd6 57. Qh4 58. hxg4 59. Qxg4 60. Kf7 61. Qh4 62. Bd3
63. Kh2 64. g5 65. Qf2 66. Ng7 67. Bf1 68. Bxf1 69. Qxf1 70. Re3 71. Qf2 72. Nf5
73. Rac1 74. Qe6 75. Red1 76. Ng3 77. Rd2 78. b5 79. a3 80. a5 81. Rdc2 82. Rh8
83. Kg2 84. Re8 85. Rd2 86. Re7 87. Rdc2 88. Kg7 89. Rd2 90. Qd7 91. Rdc2 92.
Qe8 93. Rd2 94. b4 95. axb4 96. axb4 97. cxb4 98. Qb5 99. Rcc2 100. Qxb4 101.
Rd1 102. Qa4 103. Rcd2 104. Nf5 105. Kh2 106. Qe8 107. Rc1 108. Ng3 109. Kg2 110.
Re1 111. Rdc2 112. R7e3 113. Rxe1 114. Rxe1 115. Rd2 116. Rf1 117. Qxf1 118. Nxf1
119. Kxf1 120. Qe3 121. Rd1 122. f5 123. Kg2 124. Kf7 0-1

[Event "Druzynowe Mistrzostwa Polski Juniorow - Ekstraliga"]
[Site "Sypniewo k. Jastrowia"]
[Date "2024-06-17"]
[Round "3.10"]
[White "Golis, Wiktor"]
[Black "Gora, Antoni"]
[Result "1-0"]
[WhiteTitle "I++"]
[BlackTitle "II"]
[WhiteElo "2228"]
[BlackElo "1733"]

1. Nf3 2. Nf6 3. g3 4. g6 5. Bg2 6. Bg7 7. c4 8. d6 9. d4 10. O-O 11. O-O 12. Bf5
13. Nc3 14. Qc8 15. Re1 16. Bh3 17. e4 18. Bxg2 19. Kxg2 20. e6 21. b3 22. Re8
23. e5 24. dxe5 25. dxe5 26. Nfd7 27. Bf4 28. Nc6 29. Qd2 30. b6 31. Rad1 32.
Qb7 33. Kg1 34. Rad8 35. Qe3 36. Ne7 37. Bg5 38. h6 39. Bxe7 40. Rxe7 41. Rd2
42. Rc8 43. Red1 44. Nc5 45. b4 46. Na6 47. Ne4 48. Qa8 49. a3 50. Kh8 51. Nf6
52. Rf8 53. Rd4 54. h5 55. R1d3 56. c5 57. Rh4 58. Rd8 59. Qg5 60. Bxf6 61. Qh6+
1-0

[Event "Druzynowe Mistrzostwa Polski Juniorow - Ekstraliga"]
[Site "Sypniewo k. Jastrowia"]
[Date "2024-06-17"]
[Round "3.11"]
[White "Uliasz, Katarzyna"]
[Black "Pawicka, Magdalena"]
[Result "0-1"]
[WhiteTitle "I++"]
[BlackTitle "k+"]
[WhiteElo "1762"]
[BlackElo "1985"]

1. g3 2. g6 3. Bg2 4. Bg7 5. c4 6. f5 7. Nc3 8. Nf6 9. e3 10. O-O 11. Nge2 12.
e5 13. O-O 14. c6 15. d4 16. e4 17. d5 18. Na6 19. b3 20. Qa5 21. Bd2 22. Qc5
23. Na4 24. Qd6 25. dxc6 26. dxc6 27. c5 28. Qe7 29. Rc1 30. Be6 31. Bc3 32. Rfd8
33. Qe1 34. Nd5 35. Bxg7 36. Kxg7 37. a3 38. Nac7 39. Nd4 40. Bf7 41. Qe2 42.
Ne6 43. Nxe6+ 44. Bxe6 45. Rfd1 46. Nc7 47. b4 48. Nb5 49. Rxd8 50. Rxd8 51. Bf1
52. Qf6 53. Rd1 54. Rxd1 55. Qxd1 56. Nxa3 57. Qd6 58. Nc4 59. Qc7+ 60. Qf7 61.
Qd8 62. Ne5 63. b5 64. Qd7 65. Qxd7+ 66. Nxd7 67. bxc6 68. bxc6 69. Ba6 70. Bb3
71. Bc8 72. Bxa4 73. Bxd7 74. Kf6 75. g4 76. fxg4 77. Bxg4 78. Ke5 79. f4+ 80.
Kd5 81. h4 82. a5 83. h5 84. Bb3 85. f5 86. gxf5 87. Bxf5 88. h6 89. Kf2 90. a4
91. Bg6 92. Kxc5 93. Bxe4 94. a3 95. Bb1 96. a2 97. Bxa2 98. Bxa2 99. Kf3 100.
Kd5 101. Kf4 102. c5 103. Kf5 104. c4 105. e4+ 106. Kd4 107. Kg6 108. c3 109.
Kxh6 110. c2 111. Kg7 112. c1=Q 113. h6 114. Qg5+ 115. Kh7 116. Qg8# 0-1

[Event "Druzynowe Mistrzostwa Polski Juniorow - Ekstraliga"]
[Site "Sypniewo k. Jastrowia"]
[Date "2024-06-17"]
[Round "3.12"]
[White "Ejsymont, Blanka"]
[Black "Skorupa, Antonina"]
[Result "1-0"]
[WhiteTitle "WCM"]
[BlackTitle "I"]
[WhiteElo "1772"]
[BlackElo "1619"]

1. e4 2. c6 3. d4 4. d5 5. Nd2 6. dxe4 7. Nxe4 8. Bf5 9. Ng3 10. Bg6 11. h4 12.
h6 13. Nf3 14. Nd7 15. h5 16. Bh7 17. Bd3 18. Bxd3 19. Qxd3 20. Ngf6 21. Bd2 22.
e6 23. O-O-O 24. Be7 25. Kb1 26. O-O 27. Ne4 28. b5 29. Nxf6+ 30. Nxf6 31. Ne5
32. Qd5 33. g4 34. Ne4 35. Be3 36. Rab8 37. f3 38. Ng5 39. f4 40. Ne4 41. Qb3
42. Qxb3 43. cxb3 44. Rfc8 45. Rc1 46. Rb6 47. Rc2 48. Bd6 49. Rhc1 50. Bxe5 51.
dxe5 52. Ra6 53. b4 54. g5 55. hxg6 56. fxg6 57. Rd1 58. c5 59. Bxc5 60. Rac6
61. Rdc1 62. Nxc5 63. bxc5 64. a5 65. b3 66. Rd8 67. Rh2 68. Kg7 69. Rch1 70.
Rh8 71. Rd2 72. Rxc5 73. Rd7+ 74. Kg8 75. Rhd1 76. Rc8 77. f5 78. gxf5 79. gxf5
80. exf5 81. e6 82. Kf8 83. R1d5 84. b4 85. Rxf5+ 86. Ke8 87. Rxa5 88. Rg8 89.
Rad5 90. Rg6 91. R5d6 92. h5 93. Kb2 94. Rxe6 95. Rxe6+ 96. Kxd7 97. Rh6 98. Rc5
99. Rb6 100. Rg5 101. Rxb4 102. Rg2+ 103. Ka3 104. Rh2 105. Rb6 106. h4 107. Rh6
108. h3 109. b4 110. Kc7 111. Kb3 112. Rh1 113. Ka4 114. h2 115. Kb5 116. Kb7
117. Rh7+ 118. Kc8 119. a4 120. Kb8 121. a5 122. Kc8 123. a6 124. Rg1 125. Rxh2
126. Rg5+ 127. Kb6 128. Rg6+ 129. Ka5 130. Kb8 131. b5 132. Rg5 133. Rh6 134.
Ka7 135. Rh7+ 136. Kb8 137. Rb7+ 138. Ka8 139. Rc7 140. Kb8 141. Rc1 142. Ka7
143. Rc2 144. Rf5 145. Rc3 146. Rg5 147. Kb4 148. Rh5 149. Rc7+ 150. Ka8 151.
Ka5 152. Rg5 153. Kb6 154. Rg6+ 155. Rc6 156. Rg8 157. Rf6 158. Rh8 159. Rg6 160.
Rf8 161. Rh6 162. Rg8 163. Rd6 164. Rf8 165. Re6 166. Rg8 167. Kc7 168. Rf8 169.
Rd6 170. Ka7 171. Rd5 172. Ka8 173. Rd8+ 174. Rxd8 175. Kxd8 176. Kb8 177. b6
178. Ka8 179. Kd7 180. Kb8 181. b7 1-0

[Event "Druzynowe Mistrzostwa Polski Juniorow - Ekstraliga"]
[Site "Sypniewo k. Jastrowia"]
[Date "2024-06-17"]
[Round "3.13"]
[White "Janeczko, Jakub"]
[Black "Fiszer, Bartosz"]
[Result "1/2-1/2"]
[WhiteTitle "m"]
[BlackTitle "CM"]
[WhiteElo "2293"]
[BlackElo "2275"]

1. d4 2. Nf6 3. c4 4. g6 5. Nc3 6. Bg7 7. e4 8. d6 9. h3 10. e5 11. dxe5 12. dxe5
13. Qxd8+ 14. Kxd8 15. Be3 16. Be6 17. O-O-O 18. Kc8 19. Nf3 20. Nc6 21. a3 22.
a5 23. Bd3 24. b6 25. Nd5 26. Kb7 27. b3 28. Nd7 29. Bc2 30. Rhd8 31. Rd2 32.
Nc5 33. Rhd1 34. h6 35. g4 36. Na6 37. Kb1 38. Rd7 39. Ne1 40. Rad8 41. Nd3 42.
Nd4 43. f4 44. c6 45. Nxe5 46. Bxe5 47. fxe5 48. Nf3 49. Rf2 50. cxd5 51. exd5
52. Nxe5 53. Rg1 54. Bxd5 55. cxd5 56. Ka7 57. Rf6 58. Rd6 59. Rgf1 60. Nc7 61.
Be4 62. Rxf6 63. Rxf6 64. Nxd5 65. Bxd5 66. Rxd5 67. Bxh6 68. Rd3 69. Bf4 70.
Rxb3+ 71. Kc2 72. Rb5 73. Bxe5 74. Rxe5 75. Rxf7+ 76. Ka6 77. Kd3 78. Re1 79.
Kd4 80. Kb5 81. Rf6 82. Rh1 83. a4+ 84. Kxa4 85. Rxb6 1/2-1/2

[Event "Druzynowe Mistrzostwa Polski Juniorow - Ekstraliga"]
[Site "Sypniewo k. Jastrowia"]
[Date "2024-06-17"]
[Round "3.14"]
[White "Bartodziej, Bartosz"]
[Black "Zdybel, Przemyslaw"]
[Result "1/2-1/2"]
[WhiteTitle "I++"]
[BlackTitle "FM"]
[WhiteElo "2015"]
[BlackElo "2269"]

1. e4 2. e5 3. Nf3 4. Nc6 5. Bc4 6. Bc5 7. c3 8. Nf6 9. d3 10. O-O 11. O-O 12.
d6 13. Bb3 14. h6 15. Nbd2 16. a5 17. h3 18. Be6 19. Re1 20. Bxb3 21. axb3 22.
d5 23. Qe2 24. Re8 25. Nf1 26. Qd7 27. Ng3 28. Rad8 29. Nh4 30. Bf8 31. Nhf5 32.
Kh7 33. Qf3 34. Qe6 35. Nf1 36. g6 37. N5e3 38. d4 39. Nc4 40. b6 41. Nh2 42.
Nd7 43. h4 44. Nc5 45. Ng4 46. Bg7 47. Rd1 48. Nxb3 49. Ra3 50. Nc5 51. h5 52.
gxh5 53. Nh2 54. dxc3 55. bxc3 56. Nxd3 57. Ne3 58. Nxc1 59. Rxc1 60. Ne7 61.
Qxh5 62. Qg6 63. Qf3 64. Rf8 65. Nf5 66. Nxf5 67. exf5 68. Qg5 69. Re1 70. e4
71. Qxe4 72. Rfe8 73. Nf3 74. Qf6 75. Qxe8 76. Rxe8 77. Rxe8 78. Qxf5 79. c4 80.
Qf4 81. Rae3 82. a4 83. R8e4 84. Qd6 85. c5 86. Qxc5 87. Rxa4 88. b5 89. Rae4
90. b4 91. Ne1 92. Qd6 93. Rd3 94. Qb6 95. Rb3 96. c5 97. Nd3 98. Qd6 99. Nxc5
100. Qxc5 101. Rbxb4 102. Qc1+ 103. Kh2 104. Qd2 105. f3 106. f5 107. Rec4 108.
Be5+ 109. f4 110. Bf6 111. Rb7+ 112. Kg6 113. Rb6 114. h5 115. Rcc6 116. Qxf4+
117. g3 118. Qf2+ 119. Kh3 120. Qf1+ 121. Kh2 122. Kg5 123. Rxf6 124. Qe2+ 1/2-1/2

[Event "Druzynowe Mistrzostwa Polski Juniorow - Ekstraliga"]
[Site "Sypniewo k. Jastrowia"]
[Date "2024-06-17"]
[Round "3.15"]
[White "Suska, Szymon"]
[Black "Niezhentsev, Kyrylo"]
[Result "0-1"]
[WhiteTitle "I++"]
[BlackTitle "I++"]
[WhiteElo "2011"]
[BlackElo "2140"]

1. Nf3 2. Nf6 3. g3 4. d5 5. Bg2 6. c5 7. O-O 8. e6 9. d3 10. Nc6 11. Nbd2 12.
g6 13. e4 14. Bg7 15. Qe2 16. O-O 17. c3 18. a5 19. Nb3 20. b6 21. e5 22. Nd7
23. Bf4 24. a4 25. Nbd2 26. f6 27. exf6 28. Qxf6 29. Rfe1 30. Re8 31. Ng5 32.
Bb7 33. Qg4 34. Nde5 35. Qe2 36. h6 37. Bxe5 38. Qxe5 39. Nxe6 40. Rxe6 41. Bxd5
42. Qxd5 43. Qxe6+ 44. Qxe6 45. Rxe6 46. Rd8 47. Nc4 48. Rxd3 49. Rae1 50. a3
51. bxa3 52. Bxc3 53. Rb1 54. Na5 55. Rxg6+ 56. Kf7 57. Rgxb6 58. Be4 59. Ne3
60. Bd4 61. Kf1 62. Bxe3 63. fxe3 64. Nc4 65. R6b3 66. Nd2+ 67. Ke2 68. Nxb3 69.
Rxb3 70. c4 71. Rxd3 72. cxd3+ 73. Kd2 74. Ke6 75. g4 76. Kd6 77. h4 78. Kc5 79.
Kc3 80. Kb5 81. g5 82. h5 83. Kd4 84. d2 85. Kxe4 86. d1=Q 87. Ke5 88. Qg4 0-1

[Event "Druzynowe Mistrzostwa Polski Juniorow - Ekstraliga"]
[Site "Sypniewo k. Jastrowia"]
[Date "2024-06-17"]
[Round "3.16"]
[White "Klim, Juliusz"]
[Black "Iwan, Patryk"]
[Result "0-1"]
[WhiteTitle "I++"]
[BlackTitle "I"]
[WhiteElo "1882"]
[BlackElo "1808"]

1. e4 2. c5 3. Nf3 4. d6 5. d4 6. cxd4 7. Nxd4 8. Nf6 9. Nc3 10. a6 11. Be2 12.
e5 13. Nb3 14. Be7 15. O-O 16. O-O 17. Qd3 18. Be6 19. Nd5 20. Nxd5 21. exd5 22.
Bc8 23. Bd2 24. f5 25. c4 26. Nd7 27. Rfd1 28. b6 29. f4 30. Nc5 31. Nxc5 32.
bxc5 33. fxe5 34. dxe5 35. Be3 36. e4 37. Qd2 38. Bd6 39. Rf1 40. h6 41. b4 42.
Qc7 43. bxc5 44. Bxh2+ 45. Kh1 46. Bg3 47. Bf4 48. Bxf4 49. Qxf4 50. Qxc5 51.
Qf2 52. e3 53. Qg3 54. Ra7 55. Rad1 56. Raf7 57. Bh5 58. Re7 59. Rf4 60. g5 61.
Be2 62. Qd6 63. Rf3 64. f4 65. Qe1 66. Qe5 67. Rf1 68. g4 69. Qh4 70. Rg7 71.
Kg1 72. f3 73. d6 74. f2+ 75. Kh1 76. Rg5 77. Rd5 78. Qg7 79. Rxg5 80. hxg5 81.
Qh5 82. g3 83. Rd1 84. Bd7 85. c5 86. Qh7 87. Qxh7+ 88. Kxh7 89. c6 90. Rf6 0-1

[Event "Druzynowe Mistrzostwa Polski Juniorow - Ekstraliga"]
[Site "Sypniewo k. Jastrowia"]
[Date "2024-06-17"]
[Round "3.17"]
[White "Matskevich, Varvara"]
[Black "Sprzeczka, Emilia"]
[Result "0-1"]
[WhiteTitle "k"]
[BlackTitle "k+"]
[WhiteElo "1949"]
[BlackElo "2017"]

1. e4 c5 2. Nc3 3. g6 4. d4 5. cxd4 6. Qxd4 7. Nf6 8. Nf3 9. Nc6 10. Qa4 11. d6
12. e5 13. dxe5 14. Nxe5 15. Bg7 16. Bb5 17. O-O 18. Nxc6 19. bxc6 20. Bxc6 21.
Rb8 22. O-O 23. Qc7 24. Re1 25. Rb6 26. Bf3 27. Bb7 28. Bf4 29. Qc8 30. Bxb7 31.
Qxb7 32. Qa3 33. e6 34. Na4 35. Rc6 36. c3 37. Rc4 38. Be5 39. Rg4 40. g3 41.
Nh5 42. Nc5 43. Qa8 44. Bxg7 45. Kxg7 46. Qa6 47. Qd5 48. b4 49. Nf4 50. Qf1 51.
Qh5 52. f3 Nh3+ 53. Kh1 54. Rg5 55. Ne4 56. Re5 57. c4 58. Rd8 59. Rab1 60. Ng5
61. Nxg5 62. Rxe1 63. Rxe1 64. Qxg5 65. f4 Qf5 66. Qe2 67. Rd4 68. a3 69. a5 70.
b5 71. Qc5 72. Qe5+ Qxe5 73. Rxe5 74. Rxc4 75. Re2 76. Rc1+ 77. Kg2 78. Rb1 79.
a4 80. Rb4 81. Kf3 82. Kf6 83. Ke3 84. Ke7 85. Ra2 86. h6 87. Kd3 88. Kd6 89.
Ra3 90. g5 91. Ke3 92. f5 93. Rd3+ 94. Ke7 95. Rd4 96. Rb3+ 97. Kd2 98. gxf4 99.
gxf4 100. Rh3 101. b6 102. Rb3 103. Rd3 104. Rb2+ 105. Kc3 106. Rxb6 107. Rd4
108. Rb1 109. h3 110. Rc1+ 111. Kb3 112. Rh1 113. Kc4 114. Rxh3 115. Kb5 116.
Rb3+ 117. Kxa5 118. h5 119. Rc4 120. h4 121. Rc8 122. Rf3 123. Kb6 124. Rxf4 125.
a5 126. Rb4+ 127. Kc5 128. Rb1 129. Rh8 130. Ra1 131. Kb6 132. Rb1+ 133. Kc6 134.
Ra1 135. Kb6 136. Kd6 137. a6 138. Rb1+ 139. Ka5 140. Ra1+ 141. Kb6 142. e5 143.
Rd8+ 144. Ke6 145. Re8+ 146. Kd5 147. a7 148. f4 149. Rh8 150. f3 151. Rf8 152.
Ke4 153. a8=Q+ 154. Rxa8 155. Rxa8 156. f2 157. Ra1 158. Kf3 159. Kc5 160. Kg2
161. Kd5 162. f1=Q 0-1

[Event "Druzynowe Mistrzostwa Polski Juniorow - Ekstraliga"]
[Site "Sypniewo k. Jastrowia"]
[Date "2024-06-17"]
[Round "3.18"]
[White "Izafatava, Kira"]
[Black "Malicka, Magdalena"]
[Result "1/2-1/2"]
[WhiteTitle "I++"]
[BlackTitle "I++"]
[WhiteElo "1761"]
[BlackElo "1729"]

1. e4 2. e5 3. Nf3 4. d6 5. d4 6. exd4 7. c3 8. dxc3 9. Nxc3 10. Nf6 11. Bc4 12.
Be7 13. O-O 14. O-O 15. h3 16. Nc6 17. Be3 18. Bd7 19. a3 20. Ne5 21. Bb3 22.
Bc6 23. Nd2 24. Re8 25. Qc2 26. Qc8 27. Bd4 28. Ned7 29. f4 30. Nb6 31. Rae1 32.
d5 33. e5 34. Nfd7 35. f5 36. Bf8 37. f6 38. Bc5 39. Bxc5 40. Nxc5 41. Bxd5 42.
Nxd5 43. Nxd5 44. Bxd5 45. Qxc5 46. Qe6 47. fxg7 48. Qc6 49. Qf2 50. Re7 51. e6
52. Qb6 53. Re3 54. Bxe6 55. Ne4 56. Bf5 57. Nf6+ 58. Qxf6 59. Rxe7 60. Qxe7 61.
Qxf5 62. Re8 63. Kh1 64. Qe6 65. Qf4 66. Re7 67. Qd4 68. b6 69. Qd8+ 70. Kxg7
71. Qd4+ 72. f6 73. Qa4 74. c5 75. Rf3 76. Qe5 77. Qb3 78. Qe6 79. Qd3 80. Rd7
81. Rg3+ 82. Kf8 83. Qf3 84. Qe1+ 85. Kh2 86. Qe5 87. Qg4 88. Ke7 89. Qf3 90.
c4 91. Kh1 1/2-1/2

[Event "Druzynowe Mistrzostwa Polski Juniorow - Ekstraliga"]
[Site "Sypniewo k. Jastrowia"]
[Date "2024-06-17"]
[Round "3.19"]
[White "Meers, Hubert"]
[Black "Demski, Michal"]
[Result "0-1"]
[WhiteTitle "k"]
[BlackTitle "k"]
[WhiteElo "2304"]
[BlackElo "2176"]

1. e4 2. c6 3. d4 4. d5 5. e5 6. c5 7. dxc5 8. e6 9. a3 10. Bxc5 11. Bd3 12. Nc6
13. Nf3 14. f6 15. b4 16. Bb6 17. b5 18. Nce7 19. Bb2 20. f5 21. Nc3 22. Nh6 23.
O-O 24. O-O 25. Ne2 26. Nf7 27. Nf4 28. Ng6 29. Nxg6 30. hxg6 31. c4 32. g5 33.
Qe2 34. g4 35. Nd2 36. Qh4 37. cxd5 38. Ng5 39. Bc4 40. g3 41. hxg3 42. Qxg3 43.
Qh5 44. exd5 45. Bxd5+ 46. Be6 47. Bxe6+ 48. Nxe6 49. Qf3 50. Qg6 51. Nc4 52.
Bc5 53. Rfd1 54. f4 55. Rac1 56. Ng5 57. Qd5+ 58. Ne6 59. Rd3 60. f3 61. Rxf3
62. Rxf3 63. Qxf3 64. Rf8 65. Qd5 66. Rxf2 67. Kh2 68. Qh5+ 69. Kg3 70. Qg5+ 71.
Kh3 72. Kh8 73. Qxe6 74. Qxg2+ 75. Kh4 76. Rf4+ 77. Kh5 78. Qf3+ 0-1

[Event "Druzynowe Mistrzostwa Polski Juniorow - Ekstraliga"]
[Site "Sypniewo k. Jastrowia"]
[Date "2024-06-17"]
[Round "3.20"]
[White "Madej, Marek"]
[Black "Zielonka, Adam"]
[Result "1/2-1/2"]
[WhiteTitle "I++"]
[BlackTitle "k"]
[WhiteElo "2152"]
[BlackElo "2175"]

1. e4 2. e5 3. Nf3 4. Nc6 5. Bb5 6. a6 7. Ba4 8. Nf6 9. d4 10. exd4 11. O-O 12.
Be7 13. e5 14. Ne4 15. Nxd4 16. Nc5 17. Nf5 18. O-O 19. Qg4 20. g6 21. Bxc6 22.
dxc6 23. Nxe7+ 24. Qxe7 25. Qg3 26. Re8 27. Re1 28. Bf5 29. Nc3 30. Ne6 31. Ne4
32. Bxe4 33. Rxe4 34. Rad8 35. Be3 36. Rd5 37. Re1 38. Red8 39. Qg4 40. R8d7 41.
Bh6 42. Rd4 43. h3 44. Qb4 45. R1e3 46. Qxb2 47. Rb3 48. Qa1+ 49. Kh2 50. b6 51.
Be3 52. Rd1 53. Qe2 54. b5 55. Ra3 56. R1d5 57. Rxa6 58. Qc3 59. a4 60. Rd8 61.
g3 62. Rxe5 63. Qf3 64. Rf5 65. Qe2 66. Re5 67. Qf3 68. Rf5 1/2-1/2

[Event "Druzynowe Mistrzostwa Polski Juniorow - Ekstraliga"]
[Site "Sypniewo k. Jastrowia"]
[Date "2024-06-17"]
[Round "3.21"]
[White "Kraczek, Cezary"]
[Black "Perucki, Maciej"]
[Result "1/2-1/2"]
[WhiteTitle "I+"]
[BlackTitle "I"]
[WhiteElo "2032"]
[BlackElo "1878"]

1. d4 2. d5 3. Nc3 4. Nf6 5. Bf4 6. a6 7. e3 8. e6 9. g4 10. c5 11. g5 12. Nfd7
13. Bg2 14. cxd4 15. exd4 16. Nc6 17. Nce2 18. b5 19. Nf3 20. Nb6 21. b3 22. Bb4+
23. Kf1 24. a5 25. h4 26. Bd6 27. Bh3 28. Bb7 29. Kg2 30. Qc7 31. Bg3 32. Bxg3
33. Nxg3 34. O-O-O 35. Qe2 36. Na7 37. Qd2 38. Nc6 39. Qe2 40. Na7 41. c3 42.
Kb8 43. Rhc1 44. Ka8 45. Rab1 46. Rhe8 47. Ne5 48. f6 49. Nd3 50. e5 51. Qd2 52.
Nc4 53. Qd1 54. Nd6 55. Nc5 56. Qe7 57. Qd2 58. Ne4 59. Ngxe4 60. dxe4 61. Qe3
62. fxg5 1/2-1/2

[Event "Druzynowe Mistrzostwa Polski Juniorow - Ekstraliga"]
[Site "Sypniewo k. Jastrowia"]
[Date "2024-06-17"]
[Round "3.22"]
[White "Ochedzan, Filip"]
[Black "Korszanski, Stanislaw"]
[Result "1-0"]
[WhiteTitle "I"]
[BlackTitle "I+"]
[WhiteElo "1899"]
[BlackElo "1904"]

1. e4 2. e5 3. Nf3 4. Nc6 5. Bb5 6. f5 7. Nc3 8. fxe4 9. Nxe4 10. Nf6 11. Nxf6+
12. Qxf6 13. Qe2 14. d6 15. d4 16. Bd7 17. dxe5 18. Nxe5 19. Bg5 20. Qe6 21. O-O-O
22. c6 23. Rhe1 24. Be7 25. Bxe7 26. Qxe7 27. Nxe5 28. dxe5 29. Qxe5 30. Qxe5
31. Rxe5+ 32. Kd8 33. Bd3 34. g6 35. h4 36. Kc7 37. Rde1 38. Rae8 39. Kd2 40.
Kd6 41. Rxe8 42. Rxe8 43. Rxe8 44. Bxe8 45. Ke3 46. Ke5 47. f4+ 48. Kd6 49. g4
50. Bd7 51. g5 52. b5 53. f5 54. Be8 55. Kf4 56. c5 57. c3 58. a5 59. a3 60. b4
61. axb4 62. axb4 63. cxb4 64. cxb4 65. fxg6 66. hxg6 67. Ke4 68. Bf7 69. Kd4
70. Be8 71. Kc4 72. Ke5 73. Kxb4 74. Kf4 75. Kc5 76. Kg4 77. b4 78. Kxh4 79. Be4
80. Bd7 81. Bc6 82. Bc8 83. b5 84. Kxg5 85. Kd6 86. Kf6 87. Kc7 1-0

[Event "Druzynowe Mistrzostwa Polski Juniorow - Ekstraliga"]
[Site "Sypniewo k. Jastrowia"]
[Date "2024-06-17"]
[Round "3.24"]
[White "Smietanska, Wiktoria"]
[Black "Polakiewicz, Blanka"]
[Result "1/2-1/2"]
[WhiteTitle "CM"]
[BlackTitle "I+"]
[WhiteElo "2133"]
[BlackElo "1632"]

1. d4 2. d5 3. c4 4. e6 5. Nf3 6. c6 7. e3 8. Nf6 9. b3 10. Nbd7 11. Bb2 12. Bb4+
13. Nbd2 14. O-O 15. a3 16. Bxd2+ 17. Nxd2 18. c5 19. cxd5 20. exd5 21. Bd3 22.
Re8 23. O-O 24. cxd4 25. Bxd4 26. Qe7 27. Nf3 28. Nc5 29. Be2 30. Nce4 31. Bb2
32. Bf5 33. Qd4 34. Qc5 35. Rac1 36. Qd6 37. Rfd1 38. a6 39. Nd2 40. Nxd2 41.
Qxd2 42. Red8 43. f3 44. Qe7 45. b4 46. Rac8 47. Bd4 48. h6 49. Kf2 50. b5 51.
Rxc8 52. Rxc8 53. Bxf6 54. Qxf6 55. Qxd5 56. Qh4+ 57. Kg1 58. Rc2 59. Qd8+ 60.
Qxd8 61. Rxd8+ 62. Kh7 63. Bd3 64. Bxd3 65. Rxd3 66. Rc6 67. e4 68. f6 69. Kf2
70. Rc2+ 71. Kg3 72. Rc6 73. f4 74. a5 75. bxa5 76. Ra6 77. e5 78. fxe5 79. fxe5
80. Rxa5 81. Kf4 82. Ra4+ 83. Kf5 84. b4 85. axb4 86. Rxb4 87. Ke6 88. Rb6+ 89.
Ke7 90. Rb7+ 91. Rd7 92. Rb5 93. e6 94. Kg6 95. Ke8 96. Kf6 97. e7 98. Ke6 99.
Rd1 100. Rb8+ 101. Rd8 102. Rb7 103. Kf8 104. Rxe7 105. Rd1 106. Ra7 107. Re1+
1/2-1/2

[Event "Druzynowe Mistrzostwa Polski Juniorow - Ekstraliga"]
[Site "Sypniewo k. Jastrowia"]
[Date "2024-06-17"]
[Round "3.25"]
[White "Karolczuk, Iwo"]
[Black "Cieslak, Patryk"]
[Result "1/2-1/2"]
[WhiteTitle "FM"]
[BlackTitle "FM"]
[WhiteElo "2293"]
[BlackElo "2358"]

1. d4 2. d5 3. Nf3 4. Nf6 5. Bf4 6. c5 7. e3 8. Nc6 9. Nbd2 10. Bg4 11. h3 12.
Bxf3 13. Nxf3 14. e6 15. c3 16. Bd6 17. Bxd6 18. Qxd6 19. Bd3 20. O-O 21. O-O
22. e5 23. dxe5 24. Nxe5 25. Nxe5 26. Qxe5 27. Qf3 28. b6 29. Rfd1 30. Rad8 31.
Rd2 32. Rd6 33. Rad1 34. Rfd8 35. Qf5 36. Qe7 37. Bc2 38. a6 39. e4 40. g6 41.
Qf4 42. Nh5 43. Qh2 44. d4 45. cxd4 46. Rxd4 47. Rxd4 48. cxd4 49. Bd3 50. b5
51. Be2 52. Qc5 53. b4 54. Qc2 55. Bxh5 56. gxh5 57. Qg3+ 58. Kf8 59. Rxd4 60.
Qb1+ 61. Kh2 62. Rxd4 63. Qb8+ 64. Kg7 65. Qe5+ 66. Kg8 67. Qe8+ 68. Kg7 69. Qe5+
70. Kg8 71. Qxd4 72. Qxa2 73. Kg3 74. Qe6 75. Qd5 76. Qe7 77. f4 78. Qxb4 79.
Qg5+ 1/2-1/2